| 000 | 00693nam a2200193 i 4500 | ||
|---|---|---|---|
| 001 | 186035 | ||
| 003 | ES-MaACL | ||
| 005 | 20250730025327.0 | ||
| 008 | 160905s1943 sp |||| | spa d | ||
| 100 | 1 |
_aIzquierdo Laguna, Silvano. _9160714 |
|
| 245 | 1 | 3 |
_aLa inflamación perifocal / _cpor el Dr. S. Izquierdo Laguna. |
| 260 |
_aBilbao : _bImp. Edit. Moderna, _c1943. |
||
| 300 |
_a31 p. ; _c23 cm. |
||
| 490 | 1 |
_aMonografías de tuberculosis y enfermedades del aparato respiratorio ; _v3 |
|
| 650 | 0 | 7 |
_aTuberculosis _2embne _917658 |
| 830 | 0 |
_aMonografías de tuberculosis y enfermedades del aparato respiratorio ; _v3 _9192463 |
|
| 852 |
_aES-MaACL _jE-4689 |
||
| 999 |
_c186035 _d186035 |
||